|
|
|
|
| LEADER |
00000cam a2200000 a 4500 |
| 001 |
vtls009512418 |
| 003 |
SK-MaSNL |
| 005 |
20260302080538.0 |
| 008 |
251124s2008 xo dl d 000 0 slo |
| 015 |
|
|
|a SNBA2009/06-03165
|
| 020 |
|
|
|a 9788080836542
|q (brož.)
|
| 035 |
|
|
|a 7FD9EF3D-1EFC-4BFD-A6E6-FFE2E48CEF8C
|
| 035 |
|
|
|a urn:nbn:sk:snk-amk8hh
|
| 035 |
|
|
|a urn:nbn:sk:snk-am008cel
|
| 040 |
|
|
|a SNK
|b slo
|c SNK
|e AACR2
|
| 041 |
0 |
|
|a slo
|b eng
|
| 044 |
|
|
|a xo
|c SK
|
| 072 |
|
7 |
|a 336.1/.5
|x Verejné financie
|2 konspekt
|
| 072 |
|
7 |
|a 37.014
|x Vzdelávacia a výchovná politika
|2 konspekt
|
| 080 |
|
|
|a 336.5
|2 2001
|
| 080 |
|
|
|a 37.014.543
|2 2001
|
| 080 |
|
|
|a (048.8)
|2 2001
|
| 100 |
1 |
|
|a Hronec, Štefan,
|d 1978-
|4 aut
|9 252331
|
| 245 |
1 |
0 |
|a Verejné výdavky na vzdelávanie
|c Štefan Hronec
|
| 250 |
|
|
|a 1. vyd.
|
| 260 |
|
|
|a Banská Bystrica
|b Ekonomická fakulta Univerzity Mateja Bela
|c 2008
|
| 300 |
|
|
|a 202 s.
|b grafy, sch., tab.
|c 21 cm
|
| 300 |
|
|
|e 100 výt.
|
| 490 |
1 |
|
|a Studia oeconomica
|v 38
|
| 500 |
|
|
|a Spoluvydav. OZ Ekonómia
|
| 504 |
|
|
|a Bibliogr. s. 176-183. Zoz. ilustr. a tab. Zoz. skrat.
|
| 546 |
|
|
|a Res. angl.
|
| 650 |
0 |
7 |
|a výdavky na vzdelávanie
|2 SNKPH
|9 71518
|
| 650 |
0 |
7 |
|a verejné výdavky
|2 SNKPH
|9 69340
|
| 655 |
|
7 |
|a monografie
|2 SNKPH
|9 70139
|
| 810 |
2 |
|
|a Univerzita Mateja Bela v Banskej Bystrici.
|b Ekonomická fakulta
|t Studia oeconomica
|9 81777
|
| 830 |
|
0 |
|a Studia oeconomica
|9 291090
|
| 919 |
|
|
|a 978-80-8083-654-2
|
| 958 |
|
|
|a NB
|
| 958 |
|
|
|a OND
|
| 968 |
|
|
|d 33
|
| 999 |
|
|
|c 1173521
|d 1175451
|
| 952 |
|
|
|a SNK
|b SNK
|y VYP
|7 0
|p 17A0619695
|o snkSC 135666 D1
|i snk2009/8741
|8 0
|0 0
|1 0
|4 0
|d 2009-05-14
|f 1
|l 0
|r 2026-02-24 21:12:44
|w 2026-02-24
|
| 952 |
|
|
|a SNK
|b SNK
|y PREZ
|7 0
|p 17A0619694
|o snkSC 135666
|i snk2009/8740
|8 0
|0 0
|1 0
|4 0
|d 2009-05-14
|l 0
|r 2025-07-02 00:00:00
|w 2026-02-24
|